00588nam a2200169Ia 4500999001500000020001500015082002100030100001700051245006700068260002800135300001400163504003600177650004300213650002300256942001200279952012700291 c9755d9755 a0415235219 a320.540952 IID-R aIida, Yumiko 0aRethinking identity in modern Japan: nationalism as aesthetics aLondonbRoutledgec2002 aviii, 328 aincludes bibliography and index aJapanvintellectual lifez20th century aNationalismzJapan cBK2ddc 001040708DaNASSDOCbNASSDOCd2016-09-26i2004-10-22l0o320.540952 IID-RpD001316r2019-04-18 00:00:00w2019-04-18yBK